Từ điển Việt - Pháp = Dictionnaire Vietnamien - Français

Bewaard in:
Bibliografische gegevens
Formaat: Boek
Taal:Vietnamese
Gepubliceerd in: Khoa học xã hội 1997
Onderwerpen:
Tags: Voeg label toe
Geen labels, Wees de eerste die dit record labelt!
Thư viện lưu trữ: Mạng thư viện Đại học Đà Nẵng
LEADER 01058nam a2200313 a 4500
001 000002487
003 00064
005 20171229145311.0
008 171229s1997 vie
040 |a LSK 
041 0 |a VIE  |a FRE 
082 0 |a 495.92341  |b LÊ-K 
245 0 0 |a Từ điển Việt - Pháp = Dictionnaire Vietnamien - Français  |c Lê Khả Kế, Nguyễn Lân 
260 |b Khoa học xã hội  |c 1997 
300 |a 1210 pages  |c 24 cm. 
653 |a Tiếng Việt - Từ điển 
653 |a Tiếng Pháp - Từ điển 
852 |a Phòng Đọc 
901 |a 3 
927 |a Sách tham khảo 
OWN |a LSK 
AVA |a UDN50  |b LSK  |d 495.92341 LÊ-K  |e available  |t Error 5001 Not defined in file expand_doc_bib_avail.  |f 3  |g 0  |h N  |i 0  |k 1 
999 |a From the UDN01 
AVA |a UDN50  |b LSK  |d 495.92341 LÊ-K  |e available  |t Error 5001 Not defined in file expand_doc_bib_avail.  |f 3  |g 0  |h N  |i 0  |k 1 
TYP |a Monograph 
TYP |a Printed language 
980 |a Mạng thư viện Đại học Đà Nẵng